Elementary grammar games : A collection of games and activities for elementary students of English

Uloženo v:
Podrobná bibliografie
Hlavní autor: Hadfield, Jill
Médium: Kniha
Jazyk:Undetermined
Vydáno: Harlow, Eng Pearson Education 2001
Témata:
Tagy: Přidat tag
Žádné tagy, Buďte první, kdo otaguje tento záznam!
Thư viện lưu trữ: Trung tâm Học liệu Trường Đại học Cần Thơ
LEADER 00629nam a2200217Ia 4500
001 CTU_74588
008 210402s9999 xx 000 0 und d
020 |b 453000 
082 |a 428.24 
082 |b H129eg 
100 |a Hadfield, Jill 
245 0 |a Elementary grammar games : 
245 2 |b A collection of games and activities for elementary students of English 
245 0 |c Jill Hadfield 
260 |a Harlow, Eng 
260 |b Pearson Education 
260 |c 2001 
650 |a English language 
650 |x Textbooks for foreign speakers 
904 |i Minh 
980 |a Trung tâm Học liệu Trường Đại học Cần Thơ